120 battiti al minuto /

Đã lưu trong:
Chi tiết về thư mục
Tác giả chính: Rebotini, Arnaud (Nhà soạn nhạc)
Tác giả khác: Haenel, Adèle (Diễn viên), Valois, Arnaud (Diễn viên), Heck, Yves (Diễn viên), Maritaud, Félix (Diễn viên), Campillo, Robin (Giám đốc, Người viết kịch bản), Reinartz, Antoine (Diễn viên), Lapoirie, Jeanne (Nhiếp ảnh gia), Pérez Biscyart, Nahuel (Diễn viên), Duplay, Emanuelle
Định dạng: Slide
Ngôn ngữ:Tiếng Italy
Tiếng Anh
Được phát hành: Campi Bisenzio : Cecchi Gori Entertainment, ©2018
Các nhãn: Thêm thẻ
Không có thẻ, Là người đầu tiên thẻ bản ghi này!

MARC

LEADER 00000ngm a22000007i 4500
001 IT\ICCU\CAG\2076001
003 ItRI
005 20260124182914.0
008 180508s2018 it |||||||||||||||k|||||c
024 3 1 |a 8057092020722 
028 4 2 |a PSV21718 
040 |b ita 
041 7 |a ita  |a eng  |2 ISO-639-2 
130 0 |a 120 battements par minute <film ; 2017>  |3 IT\ICCU\UBO\4322116 
245 0 0 |a 120 battiti al minuto /  |c regia di Robin Campillo ; sceneggiatura Robin Campillo ; fotografia Jeanne Lapoirie A.F.C. ; musica Arnoid Rebotini ; scenografia Emmanuelle Duplay ; con Nahuel Pérez Biscyart, Arnaud Valois, Adéle Haenel...[et al.]. 
246 1 3 |a Centoventi battiti al minuto  |9 IT\ICCU\LO1\1737556 
260 |a Campi Bisenzio :  |b Cecchi Gori Entertainment,  |c ©2018 
300 |a 1 DVD-video (137 min) :  |b a colori, PAL ;  |c 12 cm  
500 |a Caratteristiche tecniche: area 2; PAL; video 2.35:1, widescreen 16:9; audio Dolby Digital 5.1, 2.0 
500 |a Titolo del contenitore 
500 |a Film del 2017, produzione Francia 
500 |a Lingue: italiano, inglese; sottotitoli: italiano e italiano per non udenti 
500 |a Vietato ai minori di 14 anni. 
700 1 |a Haenel, Adèle  |0 IT\ICCU\CAGV\517171  |4 act 
700 1 |a Valois, Arnaud  |0 IT\ICCU\DDSV\266085  |4 act 
700 1 |a Heck, Yves  |0 IT\ICCU\DDSV\323216  |4 act 
700 1 |a Maritaud, Félix  |0 IT\ICCU\DDSV\395732  |4 act 
700 1 |a Campillo, Robin  |0 IT\ICCU\RAVV\462780  |4 drt 
700 1 |a Campillo, Robin  |0 IT\ICCU\RAVV\462780  |4 sce 
700 1 |a Rebotini, Arnaud  |0 IT\ICCU\RT1V\033457  |4 cmp 
700 1 |a Reinartz, Antoine  |0 IT\ICCU\RT1V\035819  |4 act 
700 1 |a Lapoirie, Jeanne  |0 IT\ICCU\UBOV\224451  |4 pht 
700 1 |a Pérez Biscyart, Nahuel  |0 IT\ICCU\UBOV\456893  |4 act 
700 1 |a Duplay, Emanuelle  |0 IT\ICCU\UBOV\456894 
710 2 |a CG Entertainment  |0 IT\ICCU\DDSV\039619  |4 pbl 
790 0 |a Avalanche  |3 IT\ICCU\SBNV\071169  |z Rebotini, Arnaud 
791 2 |a Cecchi Gori Entertainment  |3 IT\ICCU\DDSV\353142  |z CG Entertainment 
791 2 |a CG Home Video  |3 IT\ICCU\MODV\664430  |z CG Entertainment 
791 2 |a Cecchi Gori Home Video  |3 IT\ICCU\MODV\664431  |z CG Entertainment 
791 2 |a Cecchi Gori Home Group  |3 IT\ICCU\MODV\664432  |z CG Entertainment 
791 2 |a Cecchi Gori Editoria Elettronica Home video  |3 IT\ICCU\MODV\664433  |z CG Entertainment 
942 |2 ddc  |c VM  |n 0 
952 |0 0  |1 0  |4 0  |6 VO_2372_000000000000000  |7 0  |9 27848  |a BO  |b BO  |d 2026-01-24  |i 19169  |l 0  |o VO 2372  |p BO19169  |r 2026-01-24 18:29:14  |w 2026-01-24  |x [Sebina 5] [1 dvd]  |y VM  |z 1 dvd 
999 |c 23609  |d 23609